Rozbor výsledkov geodetických meraní monitorovacej siete atómovej elektrárne Mochovce
Na minha lista:
| Autor principal: | |
|---|---|
| Outros Autores: | |
| Formato: | Manuscrito Livro |
| Idioma: | eslovaco |
| Publicado em: |
Bratislava :
STU v Bratislave SvF,
2011
|
| Assuntos: | |
| Acesso em linha: | VAIS |
| Tags: |
Sem tags, seja o primeiro a adicionar uma tag!
|
MARC
| LEADER | 00000ntm a22000003a 4500 | ||
|---|---|---|---|
| 001 | stu230016 | ||
| 005 | 20150617230147.2 | ||
| 008 | 110708s2011----xo------------------slo-d | ||
| 040 | |a STU |b slo | ||
| 041 | 0 | |a slo | |
| 044 | |a xo | ||
| 100 | 1 | |a Dlhý, Jakub, |d 1988- |4 aut |u V |T SvF Stavebná fakulta |X 58083 |U V |Y 10 |7 A000058083 | |
| 242 | 0 | 0 | |a The analysis of achievements of geodetical measurements of monitoring network of atomic power plant of Mochovce |y eng |
| 245 | 1 | |a Rozbor výsledkov geodetických meraní monitorovacej siete atómovej elektrárne Mochovce | |
| 260 | |a Bratislava : |b STU v Bratislave SvF, |c 2011 | ||
| 650 | 7 | |a geodézia a kartografia |2 stusub | |
| 650 | 7 | |a Geodesy and Cartography |2 estusub | |
| 650 | 7 | |a Globálne družicové navigačné systémy |2 stusub | |
| 650 | 7 | |a Global Navigation Satellite Systems |2 estusub | |
| 700 | 1 | |a Hefty, Ján, |d 1950- |4 ths |u V130 |U SvF Stavebná fakulta |T SvF Katedra geodetických základov |X 891 |U V130 |Y 13 |7 A000000891 | |
| 856 | 4 | |a info a plný text |u http://is.stuba.sk/zp/portal_zp.pl?podrobnosti=59382 |3 VAIS | |